00661nam a2200193Ia 4500008004100000020001800041041000800059082001800067100002600085245002900111250001200140260001700152300000800169365001600177700004100193906005200234999001900286952016200305230718s9999 xx 000 0 und d a9788126537976 aeng a621.8'15bJUV aJuvinall R.C.9143930 aMachine Component Design a5th ed. c2014bWiley  a899 cRs.b899.00 aJuvinall R.C. & Marshek K.M.9189949 dO:0510230-May-2016B:2102-May-2016cMECHb970.92 c342107d342107 00104070aCCEPbCCEPd2016-05-30eARM Book BazarfMECHg656.27i21l0o621.8'15pCCEP-BK-53314r2023-07-18 00:00:00t970.92v899.00w2016-05-02yBKz053314